[Event "Berlin op"]
[Site "Berlin-West"]
[Date "1988.??.??"]
[Round "9"]
[White "Tolnai, Tibor"]
[Black "Stratil, Ladislav Jr"]
[Result "1-0"]
[WhiteElo "2485"]
[BlackElo "2415"]

1.e4 c5 2.Nf3 d6 3.d4 cxd4 4.Nxd4 Nf6 5.Nc3 a6 6.Be3 e5 7.Nb3 Be7 8.f3 Be6
9.Qd2 Nbd7 10.O-O-O Rc8 11.Kb1 Nb6 12.g4 h6 13.h4 Nfd7 14.Be2 Qc7 15.Rh2 h5
16.gxh5 Rxh5 17.f4 Rxh4 18.Rxh4 Bxh4 19.f5 Bc4 20.Rh1 Be7 21.Rh8+ Bf8 22.Bxb6 Qxb6
23.Bxc4 Qg1+ 24.Nc1 Rxc4 25.Qxd6 Qc5 26.Rxf8+ Nxf8 27.Qb8+ Kd7 28.Qxb7+ Qc7
29.Qxa6 Qc6 30.Qa7+ Qc7 31.Qa8 Rxc3 32.bxc3 Ke7 33.Nd3 Nd7 34.Nb4 Nf6 35.Kb2 g5
36.fxg6 fxg6 37.a4 g5 38.a5 g4 39.a6 Kf7 40.a7 Nxe4 41.Qxe4 Qxa7 42.Qh7+  1-0

[Event "URS-ch otbor56"]
[Site "Blagoveshchensk"]
[Date "1988.??.??"]
[Round "?"]
[White "Lukin, Andrei M"]
[Black "Zilberstein, Valery I"]
[Result "1-0"]
[WhiteElo "2430"]
[BlackElo "2350"]

1.e4 c5 2.Nf3 d6 3.d4 cxd4 4.Nxd4 Nf6 5.Nc3 a6 6.Be3 e5 7.Nb3 Be6 8.Nd5 Nbd7
9.f3 Bxd5 10.exd5 b5 11.a4 b4 12.a5 Qc7 13.Qd2 Qb7 14.Bc4 Rc8 15.Qd3 Rxc4
16.Qxc4 Nxd5 17.Bd2 Be7 18.O-O O-O 19.Kh1 Rc8 20.Qe4 N7f6 21.Qd3 h6 22.Rfe1 Bd8
23.Rab1 Bc7 24.c3 bxc3 25.bxc3 Qc6 26.c4 Ne7 27.Nd4 Qd7 28.Nc2 d5 29.cxd5 Qxd5
30.Qxd5 Nfxd5 31.Rec1 Rd8 32.Na3 Rd6 33.Nc4 Re6 34.Ne3 Bxa5 35.Bxa5 Nxe3
36.Rb8+ Kh7 37.Rb6 Rxb6 38.Bxb6 N3d5 39.Bc5 Nf5 40.Ra1 Nc7 41.Ra5 f6 42.Bb6 Ne6
43.Rxa6 h5 44.Kg1 Kg6 45.Bf2 Nf4 46.Kf1 Nd3 47.Bb6 Nf4 48.Ra3 Ne6 49.Ke2 Nf4+
50.Kf2 Ne6 51.Ba5 Nfd4 52.Bd2 Kf5 53.h4 Kg6 54.Ra7 Nf5 55.g3 Nc5 56.Rc7 Ne6
57.Rc6 Kf7 58.Rb6 Nc5 59.Rb5 Ne6 60.Ra5 Kg6 61.Bc3 Ned4 62.g4 hxg4 63.fxg4 Nh6
64.Bxd4 exd4 65.Kg3 Nf7 66.Rd5 Ne5 67.Rxd4 Kh7 68.Rd6 Nf7 69.Rd5 Ne5 70.Ra5 Kg6
71.Kf4 Nd3+ 72.Ke4 Nf2+ 73.Kf3 Nd3 74.Rd5 Ne5+ 75.Kf4 Nf7 76.Ra5 Nd6 77.Rc5 Nf7
78.Rd5 Kh7 79.Ra5 Nd6 80.Ra7 Nc4 81.Re7 Kg6 82.Ke4 Nd2+ 83.Kf4  1-0

[Event "Brocco op"]
[Site "Brocco"]
[Date "1988.??.??"]
[Round "?"]
[White "Dutreeuw, Marc"]
[Black "Lutz, Christopher"]
[Result "1-0"]
[WhiteElo "2395"]
[BlackElo "2360"]

1.e4 c5 2.Nf3 d6 3.d4 cxd4 4.Nxd4 Nf6 5.Nc3 a6 6.Be3 e6 7.Qd2 Qc7 8.f3 Be7
9.O-O-O O-O 10.g4 b5 11.h4 b4 12.Nce2 Qa5 13.Kb1 Rd8 14.g5 Nh5 15.Bh3 g6
16.Bg4 e5 17.Nb3 Qc7 18.Qxb4 d5 19.Bc5 Bxg4 20.fxg4 Rc8 21.gxh5 d4 22.c3 Qc6
23.Nexd4 a5  1-0

[Event "Budapest"]
[Site "Budapest"]
[Date "1988.??.??"]
[Round "?"]
[White "Kotronias, Vasilios"]
[Black "Hoelzl, Franz"]
[Result "1-0"]
[WhiteElo "2465"]
[BlackElo "2370"]

1.e4 c5 2.Nf3 d6 3.d4 cxd4 4.Nxd4 Nf6 5.Nc3 a6 6.Be3 Nc6 7.f3 e5 8.Nb3 Be7
9.Qd2 O-O 10.O-O-O Be6 11.g4 Rc8 12.Kb1 Qc7 13.g5 Nh5 14.Nd5 Bxd5 15.exd5 Nb8
16.Bh3 Nd7 17.Bg4 g6 18.Bxh5 gxh5 19.f4 exf4 20.Bxf4 Nb6 21.Qg2 Rfe8 22.Rhf1 Bf8
23.Nd4 Qc4 24.Bc1 Bg7 25.Qf2 Nxd5 26.c3 Ne7 27.Qf3 b5 28.Qxh5 Bxd4 29.Rf4 Nc6
30.Rh4 Kf8 31.Qxh7 Qe2 32.g6 Bg7 33.gxf7 Qxd1 34.Qg8+ Ke7 35.fxe8=Q+ Rxe8
36.Qxg7+ Kd8 37.Qf6+ Re7 38.Rf4 Kc7 39.Rd4 Qh1 40.Qxd6+ Kb7 41.Rd1 Qg2 42.Bf4 Kb6
43.Kc1 a5 44.Qd5 Qf2 45.Bg5 Re8 46.h4 a4 47.c4 bxc4 48.Qxc4 Re5 49.Bd8+ Nxd8
50.Rd6+ Kb7 51.Rd7+ Kb6 52.Qc7+ Kb5 53.Qxe5+  1-0

[Event "Budapest"]
[Site "Budapest"]
[Date "1988.??.??"]
[Round "?"]
[White "Lau, Ralf"]
[Black "Kotronias, Vasilios"]
[Result "1-0"]
[WhiteElo "2540"]
[BlackElo "2465"]

1.e4 c5 2.Nf3 d6 3.d4 cxd4 4.Nxd4 Nf6 5.Nc3 a6 6.Be3 e6 7.Qd2 b5 8.f3 Nbd7
9.g4 h6 10.O-O-O Bb7 11.Bd3 Ne5 12.Rhe1 Qc7 13.Kb1 Be7 14.h4 Nfd7 15.g5 hxg5
16.hxg5 Nb6 17.f4 Nec4 18.Qf2 b4 19.Nce2 O-O-O 20.Bc1 g6 21.f5 e5 22.fxg6 exd4
23.gxf7 Ne3 24.Nxd4 Nxd1 25.Rxd1 Qc5 26.g6 Bf8 27.Qf6 Qh5 28.Ne6 Bg7 29.Qxg7 Qxd1  1-0

[Event "Budapest"]
[Site "Budapest"]
[Date "1988.??.??"]
[Round "?"]
[White "Wahls, Matthias"]
[Black "Danner, Georg"]
[Result "1/2-1/2"]
[WhiteElo "2440"]
[BlackElo "2425"]

1.e4 c5 2.Nf3 d6 3.d4 cxd4 4.Nxd4 Nf6 5.Nc3 a6 6.Be3 e5 7.Nf3 Qc7 8.a4 h6
9.a5 Be7 10.Bb6 Qc6 11.Nd5 Nxd5 12.exd5 Qd7 13.Nd2 Qg4 14.Qxg4 Bxg4 15.Bd3 Nd7
16.Be3 Bg5 17.Bxg5 hxg5 18.f3 Bh5 19.Ne4 Ke7 20.Nxg5 Rac8 21.Kd2 f6 22.Ne4 Rc7
23.b3 Bf7 24.c4 f5 25.Ng5 g6 26.g4 Rh4 27.Rac1 e4 28.Bc2 Ne5 29.h3 Rc5 30.f4 Nd7
31.Ra1 Nf6 32.gxf5 gxf5 33.Ke3 Bxd5 34.Bd1 Be6 35.Be2 Bc8 36.Rad1 d5 37.Rd4 dxc4  1/2-1/2

[Event "ARG-ch"]
[Site "Buenos Aires"]
[Date "1988.??.??"]
[Round "?"]
[White "Gomez Baillo, Jorge H"]
[Black "Mahia, Gustavo"]
[Result "1/2-1/2"]
[WhiteElo "2405"]
[BlackElo "2390"]

1.e4 c5 2.Nf3 d6 3.d4 cxd4 4.Nxd4 Nf6 5.Nc3 a6 6.Be3 e6 7.a4 Nc6 8.Be2 Be7
9.O-O O-O 10.f4 Qc7 11.Kh1 Re8 12.Bg1 Nxd4 13.Qxd4 e5 14.Qb6 Qxb6 15.Bxb6 exf4
16.Rxf4 Be6 17.Bd4 Nd7 18.Raf1 Ne5 19.Nd5 Bg5 20.R4f2 Rac8 21.c3 Bxd5 22.exd5 g6
23.g3 f5 24.h4 Bf6 25.h5  1/2-1/2

[Event "BUL-ch"]
[Site "BUL"]
[Date "1988.??.??"]
[Round "?"]
[White "Spasov, Vasil"]
[Black "Donchev, Dimitar I"]
[Result "1/2-1/2"]
[WhiteElo "2375"]
[BlackElo "2470"]

1.e4 c5 2.Nf3 d6 3.d4 cxd4 4.Nxd4 Nf6 5.Nc3 a6 6.Be3 e6 7.f4 Qc7 8.g4 d5
9.e5 Nfd7 10.Bd3 Nc6 11.Qf3 Nxd4 12.Bxd4 Bc5 13.Qf2 Qb6 14.Ne2 Qb4+ 15.Kf1 Bxd4
16.Qxd4 Qe7 17.Ng3 O-O 18.Kg2 b5 19.Rhf1 Bb7 20.Rae1 Qc5 21.Ne2 b4 22.Qxc5 Nxc5
23.Nd4 a5 24.f5 Ba6 25.fxe6 Nxe6  1/2-1/2

[Event "Calcutta"]
[Site "Calcutta"]
[Date "1988.??.??"]
[Round "?"]
[White "Rogers, Ian"]
[Black "Ermenkov, Evgenij"]
[Result "1-0"]
[WhiteElo "2520"]
[BlackElo "2480"]

1.e4 c5 2.Nf3 d6 3.d4 cxd4 4.Nxd4 Nf6 5.Nc3 a6 6.Be3 e6 7.f4 b5 8.Qf3 Bb7
9.Bd3 Nbd7 10.g4 Nc5 11.g5 Nfd7 12.O-O-O Be7 13.Kb1 g6 14.h4 b4 15.Nce2 e5
16.Nb3 Nxb3 17.axb3 exf4 18.Bxf4 Nc5 19.h5 Rf8 20.hxg6 hxg6 21.Rh7 Qd7 22.Be3 Nxd3
23.Rxd3 a5 24.Nf4 a4 25.Nd5 axb3 26.Rxb3 Bxd5 27.exd5 Qa4 28.Kc1 Qb5 29.Rh4 Ra1+
30.Kd2 Rf1 31.Qe2 Qxd5+ 32.Rd4 Qf5 33.Rbxb4 f6 34.Rb7 fxg5 35.Bf4 Rf7 36.Rb8+ Kd7
37.Rxd6+ Bxd6 38.Qe8+ Kc7 39.Qd8+  1-0

[Event "Calcutta"]
[Site "Calcutta"]
[Date "1988.??.??"]
[Round "?"]
[White "Watson, William N"]
[Black "Ermenkov, Evgenij"]
[Result "1/2-1/2"]
[WhiteElo "2535"]
[BlackElo "2480"]

1.e4 c5 2.Nf3 d6 3.d4 cxd4 4.Nxd4 Nf6 5.Nc3 a6 6.Be3 e6 7.Qd2 Be7 8.f3 O-O
9.O-O-O Nc6 10.g4 Nxd4 11.Bxd4 b5 12.Kb1 Nd7 13.h4 Rb8 14.Qg2 Qc7 15.g5 Ne5
16.h5 Bd7 17.f4  1/2-1/2

[Event "COL-ch"]
[Site "?"]
[Date "1988.??.??"]
[Round "6"]
[White "Zapata, Alonso"]
[Black "Gonzales, Jorge A"]
[Result "1-0"]
[WhiteElo "2500"]
[BlackElo "2375"]

1.e4 c5 2.Nf3 d6 3.d4 cxd4 4.Nxd4 Nf6 5.Nc3 a6 6.Be3 e5 7.Nb3 Be6 8.f3 Nc6
9.Qd2 d5 10.exd5 Nxd5 11.Nxd5 Qxd5 12.Qxd5 Bxd5 13.O-O-O O-O-O 14.Bb6 Rd7
15.Bd3 g6 16.Rhe1 f5 17.Bf1 Be7 18.Nc5 Rd6 19.c4 Bf7 20.Na4 Rxd1+ 21.Rxd1 Bg5+
22.Kc2 Bf6 23.Kb1 Re8 24.Bc5 Bd8 25.Nb6+ Bxb6 26.Bxb6 Be6 27.Kc2 f4 28.Kc3 Bf5
29.b4 e4 30.fxe4 Bxe4 31.Re1 Nb8 32.g3 Nd7 33.Bh3 f3 34.Kd4 f2 35.Rxe4 Rxe4+
36.Kxe4 f1=Q 37.Bxf1 Nxb6 38.c5 Na4 39.Kd4 Kc7 40.Bc4 a5 41.Bb3  1-0

[Event "COL-ch"]
[Site "?"]
[Date "1988.??.??"]
[Round "11"]
[White "Juan, G Arboleda"]
[Black "Gutierrez, Jose Antonio"]
[Result "1/2-1/2"]
[WhiteElo "2325"]
[BlackElo "2330"]

1.e4 c5 2.Nf3 d6 3.d4 cxd4 4.Nxd4 Nf6 5.Nc3 a6 6.Be3 e5 7.Nb3 Be6 8.Qd2 Be7
9.O-O-O Nbd7 10.f3 b5 11.Kb1 Nb6 12.Qf2 Nc4 13.Bxc4 bxc4 14.Nc5 Qc7 15.N5a4 Rb8
16.g4 Nd7 17.h4 Qc6 18.g5 Rb4 19.b3 O-O 20.Bc1 Rfb8 21.Bb2 Nf8 22.Nd5 Bxd5
23.exd5 Qd7 24.Nc3 Qf5 25.Ka1 cxb3 26.axb3 Bd8 27.Qe2 a5 28.Ba3 Bb6 29.Bxb4 axb4
30.Na4 Bd4+ 31.Kb1 Qc8 32.Rxd4 exd4 33.Qd3 Ng6 34.Qxd4 Qf5 35.Re1 Qxf3 36.Nb6 Ne5
37.Nc4 Qg3 38.Qe4 Ra8 39.Nb6 Rb8 40.Nc4 Ra8 41.Qe3 Qxe3 42.Rxe3 Nxc4 43.bxc4 Kf8
44.Rb3 Ra4 45.c3 bxc3 46.Rb8+ Ke7 47.Rb7+ Ke8 48.Rb8+  1/2-1/2

[Event "COL-ch"]
[Site "?"]
[Date "1988.??.??"]
[Round "15"]
[White "Zapata, Alonso"]
[Black "Gutierrez, Jose Antonio"]
[Result "1-0"]
[WhiteElo "2500"]
[BlackElo "2330"]

1.e4 c5 2.Nf3 d6 3.d4 cxd4 4.Nxd4 Nf6 5.Nc3 a6 6.Be3 e5 7.Nb3 Be6 8.Nd5 Nxd5
9.exd5 Bf5 10.a4 Nd7 11.a5 Rc8 12.c4 Be7 13.Qd2 O-O 14.Be2 Bg6 15.O-O f5
16.f4 Nf6 17.Qb4 Qd7 18.Rad1 Bf7 19.fxe5 dxe5 20.d6 Bd8 21.Nc5 Qc6 22.Rxf5 b6
23.axb6 Bxb6 24.Rxe5 Rb8 25.Qa3 Rfe8 26.Bf3 Qc8 27.d7 Nxd7 28.Nxd7 Bxe3+
29.Qxe3 Qc7 30.b3 Rbd8 31.Rxe8+ Rxe8 32.Qd4 Qa5 33.Qd2 Qa3 34.Bd5 Bxd5 35.Qxd5+ Kh8
36.Ne5 h6 37.Nf7+ Kh7 38.Qf5+ Kg8 39.Nxh6+ Kh8 40.Nf7+ Kg8 41.Ng5  1-0

[Event "CUB-ch"]
[Site "?"]
[Date "1988.??.??"]
[Round "?"]
[White "Lugo, Blas"]
[Black "Vera, Reynaldo"]
[Result "0-1"]
[WhiteElo "2305"]
[BlackElo "2455"]

1.e4 c5 2.Nf3 d6 3.d4 cxd4 4.Nxd4 Nf6 5.Nc3 a6 6.Be3 e6 7.Qd2 Be7 8.f3 Nc6
9.g4 O-O 10.O-O-O Nd7 11.f4 Nxd4 12.Bxd4 b5 13.Kb1 Bb7 14.Bd3 Nc5 15.Qe3 Qc7
16.g5 b4 17.Ne2 e5 18.fxe5 dxe5 19.Bxc5 Bxc5 20.Qf3 f5 21.gxf6 Rxf6 22.Bc4+ Kh8
23.Qd3 Raf8 24.Bd5 Bc8 25.Ng3 g6 26.Rhf1 Rf4 27.Qc4 Qb6 28.c3 a5 29.Qd3 Ba6
30.c4 a4 31.Rxf4 exf4 32.Ne2 f3 33.Ng3 Qf6 34.e5 Qxe5 35.Bxf3 a3 36.Qe2 Be3
37.Rd5 Qf6 38.Be4 Bxc4 39.Qc2 Bxd5  0-1

[Event "Debrecen"]
[Site "Debrecen"]
[Date "1988.??.??"]
[Round "?"]
[White "Horvath, Jozsef"]
[Black "Gavrikov, Viktor"]
[Result "1/2-1/2"]
[WhiteElo "2480"]
[BlackElo "2545"]

1.e4 c5 2.Nf3 d6 3.d4 Nf6 4.Nc3 cxd4 5.Nxd4 a6 6.Be3 e6 7.Qd2 b5 8.f3 Nbd7
9.g4 h6 10.O-O-O Qa5 11.Kb1 Bb7 12.Bd3 b4 13.Nce2 Ne5 14.Rhg1 d5 15.exd5 Bxd5
16.Nc1 Nxf3 17.Nxf3 Bxf3 18.Nb3 Qd5 19.Rdf1 Be4 20.Bxe4 Qxe4 21.Qf2 O-O-O  1/2-1/2

[Event "Eger op"]
[Site "Eger"]
[Date "1988.??.??"]
[Round "?"]
[White "Netolitzky, Gregor"]
[Black "Nylen, Anders"]
[Result "0-1"]
[WhiteElo "2200"]
[BlackElo "2320"]

1.e4 c5 2.Nf3 d6 3.d4 cxd4 4.Nxd4 Nf6 5.Nc3 a6 6.Be3 e5 7.Nb3 Be6 8.Qd2 Nbd7
9.O-O-O Be7 10.f3 b5 11.g4 Nb6 12.g5 Nfd7 13.Kb1 Qc7 14.h4 b4 15.Nd5 Nxd5
16.exd5 Bf5 17.Bd3 Bxd3 18.Qxd3 a5 19.h5 a4 20.Nc1 O-O 21.g6 h6 22.gxf7+ Rxf7
23.Rdg1 Kh8 24.Rg4 Qb7 25.Bd2 Nf6 26.Rxb4 Qxd5 27.Qg6 a3 28.Bc3 Raf8 29.Rh3 Nh7
30.f4 Rf6 31.Qd3 Qe6 32.fxe5 Rf1 33.bxa3 dxe5 34.Rb3 e4 35.Qg3 Ng5 36.Qg2 R8f2
37.Rb8+ Kh7 38.Qg3 Qxh3 39.Qc7 Rxc1+  0-1

[Event "Eppingen BM"]
[Site "Eppingen"]
[Date "1988.??.??"]
[Round "?"]
[White "Herbrechtsmeier, Christof"]
[Black "Heim, Bernhard"]
[Result "1-0"]
[WhiteElo "2305"]
[BlackElo "2260"]

1.e4 c5 2.Nf3 d6 3.d4 cxd4 4.Nxd4 Nf6 5.Nc3 a6 6.Be3 e5 7.Nf3 Qc7 8.a4 Be6
9.a5 Nbd7 10.Be2 Be7 11.Ng5 O-O 12.Nxe6 fxe6 13.Bg4 Nxg4 14.Qxg4 Rf6 15.O-O Raf8
16.Ra4 b5 17.axb6 Nxb6 18.Rxa6 Nc4 19.Qe2 Nxe3 20.Qxe3 d5 21.exd5 Bc5 22.Qd3 Rxf2
23.Rxf2 Rxf2 24.Kh1 Rf8 25.Ra1 exd5 26.Qxd5+ Kh8 27.Ra8 Qa7 28.Rxf8+ Bxf8
29.h3 Qb8 30.b3 h6 31.Ne4 Ba3 32.c3 Bc1 33.b4 Qf8 34.Qd1 Bf4 35.Qf3 Qa8 36.Kg1 Qa7+
37.Kf1 Qa1+ 38.Ke2 Qa2+ 39.Ke1 Qb1+ 40.Kf2 Qa2+ 41.Qe2 Qa7+ 42.Kf3 Qf7 43.g3 Bc1+
44.Kg2 Qd5 45.c4 Qd4 46.Qc2 Ba3 47.b5 Be7 48.c5 Qd5 49.b6 Bxc5 50.Qxc5 Qxe4+
51.Kf2 Kh7 52.Qc7 Qd4+ 53.Ke1 Qe3+ 54.Kd1 Qd3+ 55.Kc1 Qa3+ 56.Kc2 Qa4+ 57.Kc3 Qd4+
58.Kb3 Qd5+ 59.Kb4 Qd4+ 60.Kb5 Qb2+ 61.Kc6 Qc3+ 62.Kd7 Qd3+ 63.Qd6 Qf5+ 64.Kd8 e4
65.b7 Qa5+ 66.Ke7 Qg5+ 67.Ke6 Qf6+ 68.Kd5 Qf7+ 69.Kc6 Qc4+ 70.Qc5 Qe6+ 71.Kc7 Qf7+
72.Kb6 Qe6+ 73.Ka5 Qa2+ 74.Kb5 Qb3+ 75.Qb4 Qd5+ 76.Ka6 Qa2+ 77.Kb6 Qe6+ 78.Kc7 Qf7+
79.Kc6 Qe6+ 80.Kc5 Qf5+ 81.Kd4 Qf2+ 82.Kxe4 Qg2+ 83.Kd4 Qf2+ 84.Kd5 Qf7+
85.Kc6 Qe6+ 86.Kc7 Qf7+ 87.Kb6 Qe6+ 88.Kc5 Qe5+ 89.Kc4 Qe4+ 90.Kb3 Qd3+ 91.Kb2 Qe2+
92.Kc1 Qf1+ 93.Kc2 Qe2+ 94.Qd2 Qc4+ 95.Qc3 Qe2+ 96.Kc1 Qf1+ 97.Kb2 Qb5+ 98.Qb3 Qe5+
99.Kc1 Qe1+ 100.Qd1 Qe3+ 101.Qd2 Qg1+ 102.Kc2 Qc5+ 103.Kb3 Qb5+ 104.Qb4 Qd3+
105.Ka2 Qa6+ 106.Kb2 Qe2+ 107.Kc1 Qf1+ 108.Kd2 Qf2+ 109.Kd3 Qxg3+ 110.Kc4 Qf4+
111.Kb5 Qe5+ 112.Qc5  1-0

[Event "Eppingen BM"]
[Site "Eppingen"]
[Date "1988.??.??"]
[Round "?"]
[White "Herbrechtsmeier, Christof"]
[Black "Ostl, Andreas"]
[Result "1-0"]
[WhiteElo "2305"]
[BlackElo "2320"]

1.e4 c5 2.Nf3 d6 3.d4 cxd4 4.Nxd4 Nf6 5.Nc3 a6 6.Be3 e6 7.f3 Nbd7 8.g4 h6
9.h4 Qc7 10.Rg1 Ne5 11.Qd2 g6 12.g5 hxg5 13.hxg5 Nfd7 14.f4 Nc4 15.Bxc4 Qxc4
16.O-O-O b5 17.a3 b4 18.axb4 Qxb4 19.Nc6 Qc4 20.Qd4 Qxd4 21.Bxd4 Rh4 22.Rdf1 Be7
23.Rh1 Rg4 24.Rh8+ Bf8 25.Na5 e5 26.fxe5 Rxg5 27.Nd5  1-0

[Event "Eppingen BM"]
[Site "Eppingen"]
[Date "1988.??.??"]
[Round "?"]
[White "Vatter, Hans Joachim"]
[Black "Ostl, Andreas"]
[Result "1/2-1/2"]
[WhiteElo "2270"]
[BlackElo "2320"]

1.e4 c5 2.Nf3 d6 3.d4 cxd4 4.Nxd4 Nf6 5.Nc3 a6 6.Be3 Nbd7 7.f3 e6 8.g4 h6
9.Qd2 Qc7 10.O-O-O Ne5 11.h4 Bd7 12.Rg1 g6 13.g5 hxg5 14.hxg5 Nh5 15.f4 Nc4
16.Bxc4 Qxc4 17.f5 Rc8 18.Kb1 gxf5 19.exf5 e5 20.Rde1 Ng7 21.f6 Nf5 22.Nxf5 Bxf5
23.Bd4 Be6 24.Bf2 Rh2  1/2-1/2

[Event "Peer Gynt"]
[Site "Gausdal"]
[Date "1988.??.??"]
[Round "?"]
[White "Vidarsson, Jon G"]
[Black "Mainka, Romuald"]
[Result "0-1"]
[WhiteElo "2315"]
[BlackElo "2420"]

1.e4 c5 2.Nf3 d6 3.d4 cxd4 4.Nxd4 Nf6 5.Nc3 a6 6.Be3 e6 7.f3 Nbd7 8.Qd2 b5
9.g4 h6 10.O-O-O Ne5 11.Bd3 Bb7 12.Rhe1 b4 13.Nce2 d5 14.exd5 Nxd5 15.Nf4 Qa5
16.Nb3 Qxa2 17.Bb6 Bd6 18.Nh5 O-O 19.Qf2 Nc3 20.Bd4 Rac8  0-1

[Event "BL2-N8788"]
[Site "Germany"]
[Date "1988.??.??"]
[Round "?"]
[White "Zieher, Hartmut"]
[Black "Juhnke, Karl"]
[Result "0-1"]
[WhiteElo "2225"]
[BlackElo "2320"]

1.e4 c5 2.Nf3 d6 3.d4 cxd4 4.Nxd4 Nf6 5.Nc3 a6 6.Be3 e6 7.Qd2 Nbd7 8.O-O-O b5
9.f3 Bb7 10.g4 h6 11.Bd3 Ne5 12.h4 b4 13.Nce2 d5 14.g5 Nfd7 15.g6 Nc5 16.gxf7+ Kxf7
17.Kb1 Be7 18.h5 a5 19.Rhg1 dxe4 20.fxe4 Bf6 21.Rdf1 Rg8 22.Nc6 Bxc6 23.Bxc5 Bxe4
24.Bd4 Bxd3 25.Bxe5 Bf5 26.Qf4 Rc8 27.Nd4 Rc4 28.Qe3 Rxd4 29.Bxf6 gxf6  0-1

[Event "Istanbul"]
[Site "Istanbul"]
[Date "1988.??.??"]
[Round "?"]
[White "Kotronias, Vasilios"]
[Black "Marjanovic, Slavoljub"]
[Result "1-0"]
[WhiteElo "2465"]
[BlackElo "2480"]

1.e4 c5 2.Nf3 d6 3.d4 cxd4 4.Nxd4 Nf6 5.Nc3 a6 6.Be3 e5 7.Nf3 Be7 8.Bc4 O-O
9.O-O Be6 10.Bb3 h6 11.Qe2 Qc7 12.Rfd1 Rc8 13.Nh4 Qd7 14.Na4 Bxb3 15.cxb3 Bd8
16.Nf5 d5 17.Nc5 Rxc5 18.Bxc5 Nxe4 19.Qf3 Qe6 20.Qg4 Bg5 21.h4 Bf6 22.Be3 h5
23.Qxh5 d4 24.Qf3 Nc5 25.b4 Ncd7 26.Bg5 e4 27.Qg4 e3 28.fxe3 Ne5 29.Nh6+ Kh7
30.Qxe6 fxe6 31.exd4 Bxg5 32.hxg5 Nec6 33.Nf7 Nxb4 34.Nd8 N8c6 35.Nxc6 Nxc6
36.d5 exd5 37.Rxd5 Re8 38.Rd7 b5 39.Rd6 Nb4 40.a3 Nc2 41.Rc1  1-0

[Event "Lloyds Bank op"]
[Site "London"]
[Date "1988.??.??"]
[Round "?"]
[White "Rogers, Ian"]
[Black "Renet, Olivier"]
[Result "1/2-1/2"]
[WhiteElo "2540"]
[BlackElo "2440"]

1.e4 c5 2.Nf3 d6 3.d4 cxd4 4.Nxd4 Nf6 5.Nc3 a6 6.Be3 e6 7.f4 b5 8.Qf3 Bb7
9.Bd3 Nbd7 10.g4 b4 11.Nce2 Nc5 12.Ng3 Rc8 13.O-O-O Nxd3+ 14.Rxd3 Nd7 15.Kb1 Qc7
16.Rc1 Nc5 17.Rdd1 Be7 18.g5 g6 19.Nb3 d5 20.Nxc5 Bxc5 21.Bd4 Bxd4 22.Rxd4 h6
23.Rxb4 hxg5 24.f5 dxe4 25.Nxe4 Bxe4 26.Rxe4 gxf5 27.Qxf5 Rxh2 28.Qxg5 Rxc2  1/2-1/2

[Event "Lvov"]
[Site "Lvov"]
[Date "1988.??.??"]
[Round "?"]
[White "Mikhalchishin, Adrian"]
[Black "Novikov, Igor A"]
[Result "1/2-1/2"]
[WhiteElo "2490"]
[BlackElo "2485"]

1.e4 c5 2.Nf3 d6 3.d4 cxd4 4.Nxd4 Nf6 5.Nc3 a6 6.Be3 e6 7.Qd2 b5 8.f3 Nbd7
9.g4 h6 10.O-O-O Bb7 11.Bd3 Ne5 12.Rhe1 Be7 13.Kb1 Nfd7 14.f4 b4 15.Na4 Nxd3
16.cxd3 Qa5 17.b3 Nc5 18.Nxc5 dxc5 19.Nf3 Qb5 20.Qb2 f6 21.Qc2 a5 22.Nh4 Kf7
23.f5 e5 24.Ng6 Rhc8 25.g5 hxg5 26.h4 gxh4 27.Qe2 Ke8 28.Qh5 Kd7 29.Nxe7 Kxe7
30.Rg1 Rg8 31.Qh7 Raf8 32.Bh6 Qd7 33.Rxg7+ Rxg7 34.Bxg7 Ke8 35.Qg6+ Rf7 36.Bxf6 Bxe4
37.Qg8+ Rf8 38.Qg6+ Rf7 39.Qg8+ Rf8 40.Qg6+ Rf7  1/2-1/2

[Event "UKR-ch"]
[Site "Lvov"]
[Date "1988.??.??"]
[Round "7"]
[White "Moroz, Alexander"]
[Black "Shneider, Aleksandr"]
[Result "1/2-1/2"]
[WhiteElo "2285"]
[BlackElo "2465"]

1.e4 c5 2.Nf3 d6 3.d4 cxd4 4.Nxd4 Nf6 5.Nc3 a6 6.Be3 e6 7.Be2 Qc7 8.f4 b5
9.a3 Bb7 10.Bf3 Be7 11.Qe2 Nc6 12.O-O Nxd4 13.Bxd4 e5 14.Be3 Rc8 15.Qf2 O-O
16.Qg3 Rfe8 17.Kh1 Qc4 18.fxe5 dxe5 19.Bh6 Bf8 20.Rae1 b4 21.axb4 Qxb4 22.Bc1 a5
23.h3 a4 24.Bg5 Re6 25.Bd1 Be7  1/2-1/2

[Event "Mendrisio op"]
[Site "Mendrisio"]
[Date "1988.??.??"]
[Round "8"]
[White "Campora, Daniel H"]
[Black "Gruenenwald, Joerg"]
[Result "1/2-1/2"]
[WhiteElo "2540"]
[BlackElo "2345"]

1.e4 c5 2.Nf3 d6 3.d4 cxd4 4.Nxd4 Nf6 5.Nc3 a6 6.Be3 e5 7.Nb3 Be6 8.Qd2 Nbd7
9.O-O-O b5 10.f3 Nb6 11.Kb1 b4 12.Bxb6 Qxb6 13.Nd5 Bxd5 14.exd5 g6 15.g4 Bg7
16.h4 O-O 17.h5 Rfe8 18.hxg6 hxg6 19.Rh4 a5 20.g5 Nh5 21.Bd3 Rab8 22.Nc1 a4
23.Be4 Rec8 24.Ne2 a3 25.b3 Qf2 26.Rhh1 Nf4 27.Nc1 Qc5 28.Rh2 Rc7 29.Ne2 Nxe2
30.Rxe2 Qc3 31.Qxc3 Rxc3 32.Rh1 Rbc8 33.Kc1 R3c5 34.Kd2 R8c7 35.Rh4 Rb7 36.Re3 Bf8
37.c3 Be7 38.Rg4 Bd8 39.cxb4 Rxb4 40.Rc3 Rd4+ 41.Rd3 Ba5+ 42.Kd1 Rc3 43.Rxd4 exd4
44.Rg2 Rc5 45.Rc2 Bc3 46.Ke2 Kf8 47.Kd3  1/2-1/2

[Event "URS-chT"]
[Site "Naberezhnie Chelni"]
[Date "1988.??.??"]
[Round "?"]
[White "Nikolenko, Oleg"]
[Black "Yuferov, Sergey  N"]
[Result "0-1"]
[WhiteElo "2405"]
[BlackElo "2445"]

1.e4 c5 2.Nf3 d6 3.d4 cxd4 4.Nxd4 Nf6 5.Nc3 a6 6.Be3 e5 7.Nb3 Be7 8.Be2 O-O
9.g4 Be6 10.g5 Nfd7 11.Qd2 a5 12.f4 exf4 13.Bxf4 Nc6 14.h4 a4 15.Nd4 Nxd4
16.Qxd4 a3 17.b3 Rc8 18.Rg1 d5 19.Rg3 Bc5 20.Qd2 Bb4 21.Qd4 Bc5 22.Qd2 Bb4
23.Qd4 Qa5 24.Bd2 Bc5 25.Qd3 Ne5 26.Qb5 Qa7 27.Nd1 dxe4 28.b4 Bd6 29.Re3 Rxc2
30.Nc3 Rxd2 31.Kxd2 Qd4+  0-1

[Event "Pau op"]
[Site "Pau"]
[Date "1988.??.??"]
[Round "1"]
[White "Carlier, Bruno"]
[Black "Frank, Albert"]
[Result "1-0"]
[WhiteElo "2430"]
[BlackElo "2100"]

1.e4 c5 2.Nf3 d6 3.d4 cxd4 4.Nxd4 Nf6 5.Nc3 a6 6.Be3 e5 7.Nf3 b5 8.a4 bxa4
9.Bc4 a3 10.Ng5 axb2 11.Bxf7+ Ke7 12.Rb1 Qc7 13.Nd5+ Nxd5 14.Bxd5 Nc6 15.Rxb2 Nd8
16.O-O Rb8 17.Rxb8 Qxb8 18.f4 Ke8 19.fxe5 dxe5 20.Nf7  1-0

[Event "Rubinstein mem"]
[Site "Polanica Zdroj"]
[Date "1988.??.??"]
[Round "8"]
[White "Bronstein, David I"]
[Black "Petrosian, Arshak B"]
[Result "1/2-1/2"]
[WhiteElo "2455"]
[BlackElo "2460"]

1.e4 c5 2.Nf3 d6 3.d4 cxd4 4.Nxd4 Nf6 5.Nc3 a6 6.Be3 e5 7.Nf3 Qc7 8.a4 Be7
9.Be2 O-O 10.O-O Nbd7 11.Nd2 b6 12.Bc4 Bb7 13.Qe2 Rfc8 14.b3 h6 15.Rfd1 Nc5
16.f3 Ne6 17.Rac1  1/2-1/2

[Event "Porz"]
[Site "Porz"]
[Date "1988.??.??"]
[Round "?"]
[White "Schoen, Wolfram"]
[Black "Bayer, Ernst Wolfgang"]
[Result "1-0"]
[WhiteElo "2430"]
[BlackElo "2370"]

1.e4 c5 2.Nf3 d6 3.d4 cxd4 4.Nxd4 Nf6 5.Nc3 a6 6.Be3 e6 7.Qd2 b5 8.f3 Bb7
9.g4 h6 10.O-O-O Nc6 11.Bd3 Nd7 12.f4 Nc5 13.Rhe1 Qa5 14.Kb1 O-O-O 15.Qf2 Nd7
16.Nb3 Qc7 17.a4 b4 18.Na2 Be7 19.Qe2 Ndb8 20.Rc1 Bf6 21.c3 bxc3 22.Nxc3 Bxc3
23.Rxc3 Kd7 24.Qf2 Ke7 25.Bb6 Qd7 26.Qh4+ f6 27.e5 Nb4 28.exf6+ gxf6 29.Bf5 Bd5
30.Rc7 Bxb3 31.Rxd7+ Rxd7 32.Bxe6 Bxe6 33.f5 Rb7 34.Rxe6+ Kd7 35.Qxf6  1-0

[Event "ROM-ch"]
[Site "Predeal"]
[Date "1988.??.??"]
[Round "2"]
[White "Ghinda, Mihail Viorel"]
[Black "Armas, Iulius"]
[Result "1/2-1/2"]
[WhiteElo "2455"]
[BlackElo "2460"]

1.e4 c5 2.Nf3 d6 3.d4 Nf6 4.Nc3 cxd4 5.Nxd4 a6 6.Be3 e5 7.Nb3 Be6 8.Be2 Be7
9.f4 exf4 10.Bxf4 Nc6 11.Qd2 Ne5 12.Nd4 Qc7 13.O-O-O O-O 14.Nf5 Bxf5 15.exf5 b5
16.g4 Rfc8 17.a3 Nc4 18.Bxc4 Qxc4 19.Rhe1 b4 20.axb4 Qxb4 21.Rxe7 Rab8 22.b3 Rxc3
23.Qxd6 Qxd6 24.Bxd6 Rbc8 25.g5 Ng4 26.Bc7 Rc5 27.Rd8+ Rxd8 28.Bxd8 Kf8 29.Re4 Ne5
30.Bb6 Rb5 31.Bc7 f6 32.Bxe5 fxe5 33.Kb2 a5 34.c4 Rc5 35.Kc3 Ke7 36.b4 axb4+
37.Kxb4 Kd6 38.Rh4 e4 39.Rxh7 e3 40.Rxg7 Re5 41.c5+ Kc6 42.Rg6+ Kc7 43.Rg7+ Kc6
44.Rg6+ Kc7 45.Ra6 e2 46.Ra1 e1=Q+ 47.Rxe1 Rxe1 48.g6 Kd8 49.g7 Rg1 50.f6 Ke8
51.c6 Kf7 52.h4 Rf1  1/2-1/2

[Event "ROM-ch"]
[Site "Predeal"]
[Date "1988.??.??"]
[Round "9"]
[White "Stoica, Valentin"]
[Black "Takacs, B."]
[Result "1/2-1/2"]
[WhiteElo "2445"]
[BlackElo "2365"]

1.e4 c5 2.Nf3 d6 3.d4 cxd4 4.Nxd4 Nf6 5.Nc3 a6 6.Be3 e6 7.Be2 Qc7 8.a4 Be7
9.O-O O-O 10.a5 Bd7 11.f4 Nc6 12.Nb3 Nb4 13.Bf3 Bc6 14.Rf2 d5 15.e5 Ne4 16.Bxe4 dxe4
17.Bb6 Qc8 18.Nd2 Nd5 19.Nxd5 Bxd5 20.c4 Bc6 21.Qc2 Bb4 22.Nxe4 Bxe4 23.Qxe4 Bc5
24.Bxc5 Qxc5 25.g3 Rad8 26.Kg2 Rd7 27.b4 Qxb4 28.Rb1 Qc5  1/2-1/2

[Event "ROM-ch"]
[Site "Predeal"]
[Date "1988.??.??"]
[Round "14"]
[White "Armas, Iulius"]
[Black "Stoica, Valentin"]
[Result "1-0"]
[WhiteElo "2460"]
[BlackElo "2445"]

1.e4 c5 2.Nf3 d6 3.d4 cxd4 4.Nxd4 Nf6 5.Nc3 a6 6.Be3 Nc6 7.Qd2 e6 8.f3 Be7
9.O-O-O O-O 10.g4 Nd7 11.Bd3 Nde5 12.Qe2 Nxd4 13.Bxd4 Bd7 14.f4 Nxd3+ 15.cxd3 b5
16.Rd2 Qa5 17.Kb1 b4 18.Nd1 e5 19.Be3 Be6 20.b3 exf4 21.Bxf4 d5 22.e5 d4
23.Nb2 Rfc8 24.Rc2 Rc3 25.Rhc1 Rac8 26.Na4 Rb8 27.Qe4 Bxb3 28.axb3 Rxb3+
29.Nb2 Rc3 30.Nc4 b3 31.Rb2 Rxc1+ 32.Kxc1 Qa1+ 33.Kd2 Ba3 34.e6 Rf8 35.e7 Re8
36.Qxd4 Bxb2 37.Nxb2 Qa3 38.Bd6 Qa5+ 39.Bb4 Qg5+  1-0